| 000 | 00467nam a22001577a 4500 | ||
|---|---|---|---|
| 005 | 20250405133513.0 | ||
| 008 | 250405b |||||||| |||| 00| 0 eng d | ||
| 020 | _a9789988155865 | ||
| 050 |
_aHD30 _b.28 2011 |
||
| 100 | _aR.M AGBOLA | ||
| 245 |
_aStrategic Management: _bThe Ghanaian Experience / _cR. M. Agbola; E. Sokro & G.K. Amoako |
||
| 260 |
_aAccra _bNirosac Press _cc2011 |
||
| 300 |
_avii; 128pgs _bIllustrations |
||
| 650 | _2Management | ||
| 942 |
_2lcc _cBK _n0 |
||
| 999 |
_c5360 _d5360 |
||